Walter Pater's Renaissance
| Main Author: | |
|---|---|
| Format: | Print Book |
| Language: | English |
| Subito Delivery Service: | Order now. |
| Check availability: | HBZ Gateway |
| WorldCat: | WorldCat |
| Interlibrary Loan: | Interlibrary Loan for the Fachinformationsdienste (Specialized Information Services in Germany) |
| Published: |
University Park, Penn. [u.a.]
Pennsylvania State Univ. Pr.
1987
|
| In: | Year: 1987 |
| Reviews: | [Rezension von: Barolsky, Paul, Walter Pater's Renaissance] (1988) (Riess, Jonathan B.)
|
| Standardized Subjects / Keyword chains: | B
Pater, Walter 1839-1894, The Renaissance
|
| Further subjects: | B
Pater, Walter (1839-1894) Renaissance
B Arts, Renaissance B Pater, Walter (1839-1894) Criticism and interpretation |
| Online Access: |
Autorenbiografie (Publisher) Verlagsangaben (Publisher) |
MARC
| LEADER | 00000cam a2200000 c 4500 | ||
|---|---|---|---|
| 001 | 274183013 | ||
| 003 | DE-627 | ||
| 005 | 20251222212609.0 | ||
| 007 | tu | ||
| 008 | 890913s1987 xxu||||| 00| ||eng c | ||
| 010 | |a 85043561 | ||
| 020 | |a 0271004363 |9 0-271-00436-3 | ||
| 035 | |a (DE-627)274183013 | ||
| 035 | |a (DE-576)018563163 | ||
| 035 | |a (DE-599)GBV274183013 | ||
| 035 | |a (OCoLC)246567497 | ||
| 035 | |a (OCoLC)13456626 | ||
| 035 | |a (DE-604)8006298532 | ||
| 040 | |a DE-627 |b ger |c DE-627 |e rakwb | ||
| 041 | |a eng | ||
| 044 | |c XD-US | ||
| 050 | 0 | |a NX450.5 | |
| 082 | 0 | |a 700/.94 | |
| 084 | |a 1 |2 ssgn | ||
| 084 | |a HL 3865 |2 rvk |0 (DE-625)rvk/50671:11852 | ||
| 084 | |a LH 65720 |2 rvk |0 (DE-625)rvk/94555: | ||
| 100 | 1 | |0 (DE-588)171966198 |0 (DE-627)696861453 |0 (DE-576)160176123 |4 aut |a Barolsky, Paul |d 1941- | |
| 109 | |a Barolsky, Paul 1941- | ||
| 245 | 1 | 0 | |a Walter Pater's Renaissance |c Paul Barolsky |
| 264 | 1 | |a University Park, Penn. [u.a.] |b Pennsylvania State Univ. Pr. |c 1987 | |
| 300 | |a XIV, 214 S. |b Ill. | ||
| 336 | |a Text |b txt |2 rdacontent | ||
| 337 | |a ohne Hilfsmittel zu benutzen |b n |2 rdamedia | ||
| 338 | |a Band |b nc |2 rdacarrier | ||
| 583 | 1 | |a Archivierung/Langzeitarchivierung gewährleistet |f SSG |x XA-DE-BW |2 pdager |5 DE-21 | |
| 583 | 1 | |a Archivierung prüfen |c 20240324 |f DE-4165 |z 1 |2 pdager | |
| 600 | 1 | 0 | |a Pater, Walter |d 1839-1894 |t Renaissance |
| 600 | 1 | 0 | |a Pater, Walter |d 1839-1894 |x Criticism and interpretation |
| 601 | |a Renaissance | ||
| 650 | 0 | |a Arts, Renaissance | |
| 689 | 0 | 0 | |d u |0 (DE-588)4256401-3 |0 (DE-627)701546018 |0 (DE-576)210555181 |a Pater, Walter |2 gnd |d 1839-1894 |t The Renaissance |
| 689 | 0 | |5 (DE-627) | |
| 787 | 0 | 8 | |i Rezensiert in |a Riess, Jonathan B. |t [Rezension von: Barolsky, Paul, Walter Pater's Renaissance] |d 1988 |w (DE-627)1802325522 |
| 856 | 4 | 2 | |u http://www.loc.gov/catdir/enhancements/fy1309/85043561-b.html |x Verlag |3 Autorenbiografie |7 1 |
| 856 | 4 | 2 | |u http://www.loc.gov/catdir/enhancements/fy1309/85043561-d.html |x Verlag |3 Verlagsangaben |7 1 |
| 889 | |w (DE-627)013671901 | ||
| 935 | |i mdedup | ||
| 935 | |i Blocktest | ||
| 936 | r | v | |a HL 3865 |b Sekundärliteratur |k Anglistik. Amerikanistik |k Englische Literatur |k 19. Jahrhundert (1770/1800-1890/1900) |k Literaturgeschichte |k Einzelne Autoren |k Autoren P |k Pater, Walter Horatio |k Sekundärliteratur |0 (DE-627)1271921596 |0 (DE-625)rvk/50671:11852 |0 (DE-576)201921596 |
| 936 | r | v | |a LH 65720 |b Renaissance |k Kunstgeschichte |k Allgemeines. Allgemeine Kunstgeschichte |k Allgemeine Kunstgeschichte: Darstellungen |k Darstellungen einzelner Epochen |k Mittlere und neuere Kunstgeschichte |k Neuzeit |k Renaissance |0 (DE-627)1270703951 |0 (DE-625)rvk/94555: |0 (DE-576)200703951 |
| 951 | |a BO | ||
| ELC | |b 1 | ||
| ITA | |a 1 |t 1 | ||
| LOK | |0 000 xxxxxcx a22 zn 4500 | ||
| LOK | |0 001 3326321546 | ||
| LOK | |0 003 DE-627 | ||
| LOK | |0 004 274183013 | ||
| LOK | |0 005 19900301000000 | ||
| LOK | |0 008 900301||||||||||||||||ger||||||| | ||
| LOK | |0 040 |a DE-21 |c DE-627 |d DE-21 | ||
| LOK | |0 852 |a DE-21 | ||
| LOK | |0 852 1 |c 30 A 51 |9 00 | ||
| LOK | |0 939 |a 01-03-90 |b l01 | ||
| ORI | |a SA-MARC-ixtheoa001.raw | ||
| REL | |a 1 | ||
| SUB | |a REL | ||
| SYA | 0 | 0 | |a Pater, Walter H.,1839-1894,Pater, Walter Horatio,1839-1894 |
| SYG | 0 | 0 | |a Pater, Walter,1839-1894,Die Renaissance,Pater, Walter,1839-1894,Studies in the history of the Renaissance |



